[Event "4NCL/Div2/SCS-GUI2"]
[Site "Rd9-Birmingham"]
[Date "2000.04.29"]
[Round "9.4"]
[White "Norman, Ken"]
[Black "Rattray, Ross"]
[Result "1/2-1/2"]
[WhiteElo "2180"]
[BlackElo "2109"]
[PlyCount "74"]
[EventDate "2000.04.29"]

1. Nf3 d5 2. c4 c6 3. d4 Nf6 4. Nc3 e6 5. Qb3 dxc4 6. Qxc4 b5 7. Qb3 Bb7 8. Bf4
Nbd7 9. e3 Be7 10. Be2 a6 11. a4 Nh5 12. Be5 Nhf6 13. O-O Nxe5 14. dxe5 Nd7 15.
Rfd1 Qc7 16. axb5 cxb5 17. Nxb5 axb5 18. Rxa8+ Bxa8 19. Bxb5 Bc6 20. Qc4 Nc5
21. Bxc6+ Qxc6 22. b4 Qa6 23. Qd4 O-O 24. bxc5 Rc8 25. h3 h6 26. Qd7 Rd8 27.
Qxd8+ Bxd8 28. Rxd8+ Kh7 29. Rd6 Qa5 30. c6 Kg6 31. Nd4 Qe1+ 32. Kh2 Qxf2 33.
c7 Qxe3 34. c8=Q Qxe5+ 35. Kh1 Qe1+ 36. Kh2 Qe5+ 37. Kh1 Qe1+ 1/2-1/2

[Event "4NCL/Div2/SCS-GUI2"]
[Site "Rd9-Birmingham"]
[Date "2000.04.29"]
[Round "9.5"]
[White "Habibi, Amir"]
[Black "Noyce, Robert"]
[Result "0-1"]
[WhiteElo "1704"]
[BlackElo "2177"]
[PlyCount "174"]
[EventDate "2000.04.29"]

1. e4 d5 2. exd5 Nf6 3. Nf3 Nxd5 4. d4 g6 5. Bc4 Bg7 6. O-O O-O 7. c3 Nc6 8.
Re1 Bg4 9. h3 Bxf3 10. Qxf3 Nb6 11. Bb5 Qd7 12. Bxc6 bxc6 13. Nd2 Rab8 14. Nb3
Na4 15. Re2 e6 16. Bf4 Rb5 17. Qe4 Rb7 18. Be5 Qd5 19. Qc2 Bh6 20. c4 Qd7 21.
Re4 f6 22. Bg3 c5 23. dxc5 e5 24. Rb1 Qf5 25. Re2 Qxc2 26. Rxc2 Rfb8 27. Rd1
Bf8 28. Rdd2 Nxc5 29. Nxc5 Bxc5 30. b3 Bd4 31. Kf1 a5 32. Ke2 g5 33. f3 a4 34.
bxa4 Rb4 35. Bf2 c5 36. Bxd4 exd4 37. Kd3 Rxa4 38. Rb2 Rab4 39. Rxb4 Rxb4 40.
Re2 Kf7 41. g4 h6 42. Re1 Ra4 43. Rb1 Rxa2 44. Rb5 Ra3+ 45. Ke2 Re3+ 46. Kf2
Re5 47. Rb6 Re6 48. Rb7+ Re7 49. Rb6 d3 50. Rd6 Re2+ 51. Kf1 Rc2 52. Rxd3 Rxc4
53. Rd7+ Ke6 54. Rc7 Rc2 55. Rc6+ Ke5 56. Kg1 c4 57. Kf1 c3 58. Ke1 Rc1+ 59.
Ke2 c2 60. Kd2 Rf1 61. Kxc2 Rxf3 62. Kd2 Rxh3 63. Ke2 h5 64. gxh5 Rxh5 65. Kf3
Rh4 66. Rc8 Rf4+ 67. Kg3 Kf5 68. Rc5+ Kg6 69. Rc6 Re4 70. Kf3 Ra4 71. Kg3 Rd4
72. Rb6 Kf5 73. Rb5+ Ke6 74. Rb6+ Rd6 75. Rb5 f5 76. Kf3 Rd3+ 77. Ke2 Rd5 78.
Rb8 Ke5 79. Rb4 f4 80. Kf3 Rd3+ 81. Ke2 Re3+ 82. Kf2 g4 83. Rb8 g3+ 84. Kg2
Re2+ 85. Kg1 Ke4 86. Rb4+ Kf3 87. Rb3+ Re3 0-1

[Event "4NCL/Div2/SCS-GUI2"]
[Site "Rd9-Birmingham"]
[Date "2000.04.29"]
[Round "9.6"]
[White "Coates, Ken"]
[Black "Cooley, Oliver"]
[Result "1/2-1/2"]
[WhiteElo "2064"]
[BlackElo "1896"]
[PlyCount "95"]
[EventDate "2000.04.29"]

1. e4 e5 2. Nf3 Nc6 3. Bb5 a6 4. Ba4 Nf6 5. O-O b5 6. Bb3 Bc5 7. c3 Nxe4 8. d4
exd4 9. cxd4 Be7 10. d5 Na5 11. Bc2 Nf6 12. Nc3 O-O 13. Qd3 d6 14. Re1 g6 15.
Nd4 Ng4 16. b4 Ne5 17. Qf1 c5 18. dxc6 Naxc6 19. Nxc6 Nxc6 20. Nd5 Be6 21.
Nxe7+ Qxe7 22. a3 Nd4 23. Qd3 Nxc2 24. Qxc2 Qh4 25. Bb2 Rac8 26. Qd2 Rc6 27.
Rac1 Bc4 28. Rc3 Qd8 29. Qh6 f6 30. Rce3 Rc7 31. h4 Rg7 32. Bd4 Qd7 33. Qf4
Rgf7 34. g4 Bd5 35. Qg3 f5 36. gxf5 Qxf5 37. R3e2 Qf4 38. Bb2 Qxg3+ 39. fxg3
Bc4 40. Re7 Rf1+ 41. Rxf1 Rxf1+ 42. Kg2 Rd1 43. Kf3 Rb1 44. Bd4 Rb3+ 45. Re3
Kf7 46. Rxb3 Bxb3 47. Ke4 Ke6 48. Ba7 1/2-1/2

[Event "4NCL/Div2/SCS-GUI2"]
[Site "Rd9-Birmingham"]
[Date "2000.04.29"]
[Round "9.7"]
[White "Lutton, Ezra"]
[Black "Singleton, Michael"]
[Result "0-1"]
[WhiteElo "1784"]
[BlackElo "2008"]
[PlyCount "138"]
[EventDate "2000.04.29"]

1. e4 c5 2. Nc3 Nc6 3. f4 g6 4. Nf3 Bg7 5. Bb5 Nd4 6. Bd3 d6 7. Nxd4 cxd4 8.
Ne2 e5 9. O-O Nf6 10. Ng3 O-O 11. f5 Nd7 12. Bc4 Qh4 13. d3 Nf6 14. Qf3 g5 15.
Nh1 g4 16. Qg3 Qxg3 17. Nxg3 h6 18. Bd2 Rd8 19. Rac1 Bd7 20. Bb3 Bc6 21. a3 Kf8
22. h3 gxh3 23. gxh3 Ke7 24. Kh2 Rh8 25. Rg1 Rag8 26. Ne2 h5 27. Bg5 Bh6 28.
Bxh6 Rxh6 29. Rxg8 Nxg8 30. c3 Bb5 31. c4 Bc6 32. c5 Rh7 33. Ng1 Nf6 34. Nf3
Ng4+ 35. Kg3 Ne3 36. cxd6+ Kxd6 37. Kf2 Rg7 38. Rg1 Rxg1 39. Nxg1 f6 40. Nf3
Bb5 41. Ne1 h4 42. Kf3 Be8 43. Ng2 Bh5+ 44. Kf2 Nxg2 45. Kxg2 a5 46. Kf2 Kc5
47. Ba4 b5 48. Bb3 b4 49. Ba4 Kd6 50. Bc2 Ke7 51. Bb3 Kf8 52. Ba4 Kg7 53. Bb3
Kh6 54. Ba4 Kg5 55. Bc2 Kf4 56. Bb3 Bf3 57. Bd5 Bd1 58. axb4 axb4 59. Bc4 Ba4
60. Ba6 Bc6 61. Bc4 Bxe4 62. dxe4 Kxe4 63. Be6 Kf4 64. b3 e4 65. Ke2 Kg3 66.
Bd5 e3 67. Bc4 Kxh3 68. Kf3 Kh2 69. Bf1 h3 {(.) Time.} 0-1

[Event "4NCL/Div2/SCS-GUI2"]
[Site "Rd9-Birmingham"]
[Date "2000.04.29"]
[Round "9.8"]
[White "Norman, Dinah"]
[Black "Partington, Anna"]
[Result "1/2-1/2"]
[WhiteElo "2053"]
[BlackElo "1496"]
[PlyCount "85"]
[EventDate "2000.04.29"]

1. e4 d5 2. exd5 Nf6 3. Bb5+ Bd7 4. Bc4 b5 5. Bb3 a5 6. a3 a4 7. Ba2 c5 8. dxc6
Bxc6 9. Nf3 e6 10. d4 Bd6 11. Bg5 Nbd7 12. Nbd2 Qc7 13. c3 h6 14. Bh4 Nh5 15.
Bg3 Nf4 16. Bxf4 Bxf4 17. Qe2 Nf6 18. Rd1 Nh5 19. O-O g5 20. Ne5 Bxe5 21. Qxh5
Bf4 22. Bxe6 Bxh2+ 23. Qxh2 Qxh2+ 24. Kxh2 fxe6 25. Rfe1 Ke7 26. Re5 Rhf8 27.
f3 Bd5 28. Rde1 Kf7 29. Ne4 Ra6 30. Nc5 Rd6 31. Kg3 Rg8 32. Kg4 Rg6 33. Ne4 Rb6
34. Nc5 Rd6 35. Rh1 Kg7 {(=)} 36. Nd3 Bc4 37. Nf2 Bd5 38. Ne4 Rb6 39. Ng3 Kf7
40. Nh5 Rd6 41. Ng3 Rb6 42. Ne4 Kg7 43. Ng3 1/2-1/2

[Event "4NCL/Div2/BIG2-BR2"]
[Site "Rd9-Birmingham"]
[Date "2000.04.29"]
[Round "9.1"]
[White "Mason, Don"]
[Black "McFarland, Robert"]
[Result "1-0"]
[WhiteElo "2279"]
[BlackElo "2260"]
[PlyCount "35"]
[EventDate "2000.04.29"]

1. c4 c5 2. Nc3 Nc6 3. g3 g6 4. Bg2 Bg7 5. a3 Rb8 6. Rb1 a6 7. b4 cxb4 8. axb4
b5 9. cxb5 axb5 10. Nf3 e5 11. d4 exd4 12. Nd5 h6 13. Bb2 Nge7 14. Nxd4 Ne5 15.
f4 Nxd5 16. Bxd5 Ng4 17. Nc6 Bxb2 18. Bxf7+ 1-0

[Event "4NCL/Div2/BIG2-BR2"]
[Site "Rd9-Birmingham"]
[Date "2000.04.29"]
[Round "9.2"]
[White "Jakubovics, Nick"]
[Black "Hadzimanolis, Antonios"]
[Result "1-0"]
[WhiteElo "2238"]
[BlackElo "2224"]
[PlyCount "83"]
[EventDate "2000.04.29"]

1. e4 e5 2. Nf3 Nc6 3. d4 exd4 4. Nxd4 Bc5 5. Nb3 Bb6 6. a4 Qf6 7. Qe2 a5 8.
Nc3 Nge7 9. Nd5 Nxd5 10. exd5+ Ne7 11. h4 h6 12. Bd2 Qxb2 13. Rh3 Qxc2 14. Rc1
Qb2 15. d6 cxd6 16. Rhc3 Kd8 17. Qb5 Bc5 18. Rxc5 dxc5 19. Bc3 Qa2 20. Bxg7 Rg8
21. Ra1 Qxb3 22. Qxb3 Rxg7 23. Qb6+ Ke8 24. Qxh6 Rg6 25. Qh8+ Ng8 26. h5 Re6+
27. Kd2 Kf8 28. Bc4 d5 29. Bxd5 Rf6 30. h6 Bf5 31. Qg7+ Ke7 32. Re1+ Kd6 33.
Bxf7 Rd8 34. Bxg8 Kc6+ 35. Kc1 Rfd6 36. h7 Bxh7 37. Bxh7 R8d7 38. Be4+ Kb6 39.
Qb2+ Ka7 40. Qb5 b6 41. Bf5 Rf7 42. g4 1-0

[Event "4NCL/Div2/BIG2-BR2"]
[Site "Rd9-Birmingham"]
[Date "2000.04.29"]
[Round "9.3"]
[White "Wheeler, Darren"]
[Black "Collier, David"]
[Result "1/2-1/2"]
[WhiteElo "2224"]
[BlackElo "2215"]
[PlyCount "40"]
[EventDate "2000.04.29"]

1. e4 c5 2. f4 d6 3. Nf3 Nc6 4. g3 g6 5. Bg2 Bg7 6. d3 e6 7. O-O Nge7 8. c3 O-O
9. Be3 b6 10. d4 Qc7 11. Na3 Ba6 12. Re1 cxd4 13. Nxd4 Nxd4 14. Bxd4 Bxd4+ 15.
Qxd4 Qc5 16. Rad1 Rad8 17. Nc2 Nc6 18. Qxc5 dxc5 19. e5 Rxd1 20. Rxd1 Rd8
1/2-1/2

[Event "4NCL/Div2/BIG2-BR2"]
[Site "Rd9-Birmingham"]
[Date "2000.04.29"]
[Round "9.4"]
[White "Easton, Alex"]
[Black "Thomas, Nick"]
[Result "0-1"]
[WhiteElo "2165"]
[BlackElo "2215"]
[PlyCount "66"]
[EventDate "2000.04.29"]

1. Nf3 e6 2. c4 b6 3. Nc3 Bb7 4. e4 Bb4 5. Bd3 Ne7 6. O-O O-O 7. a3 Bxc3 8.
dxc3 d6 9. b4 Nd7 10. Rb1 e5 11. Be3 Nf6 12. Qc2 Ng4 13. Bc1 Ng6 14. Rd1 Qc8
15. h3 Nf6 16. Nh2 Nh5 17. c5 dxc5 18. bxc5 Ba6 19. Qa4 Rd8 20. Bxa6 Rxd1+ 21.
Qxd1 Qxa6 22. Qd5 Re8 23. Ng4 Qc8 24. Be3 Rd8 25. Qc6 Qd7 26. Qxd7 Rxd7 27.
cxb6 cxb6 28. Kf1 f6 29. f3 Nhf4 30. Bxf4 Nxf4 31. Nf2 Rd2 32. h4 Rc2 33. Rb3
Rc1+ 0-1

[Event "4NCL/Div2/BIG2-BR2"]
[Site "Rd9-Birmingham"]
[Date "2000.04.29"]
[Round "9.5"]
[White "Wallace, Paul"]
[Black "Dilleigh, Stephen"]
[Result "1/2-1/2"]
[WhiteElo "2110"]
[BlackElo "2186"]
[PlyCount "94"]
[EventDate "2000.04.29"]

1. e4 e5 2. Nf3 Nf6 3. Nxe5 d6 4. Nf3 Nxe4 5. Nc3 Nxc3 6. dxc3 Be7 7. Bf4 O-O
8. Qd2 Nd7 9. O-O-O Nc5 10. Re1 Re8 11. Nd4 Ne6 12. Bd3 Nxd4 13. cxd4 d5 14. h4
Be6 15. Re3 Bd6 16. Rg3 Qe7 17. Bxd6 Qxd6 18. Qg5 Qf8 19. h5 Rad8 20. h6 g6 21.
f4 Qe7 22. Qe5 f6 23. Qe2 Bf7 24. Qd2 Qd6 25. Rf3 Re7 26. g4 Rde8 27. Rhf1 a6
28. R3f2 Re3 29. Re2 Rxe2 30. Bxe2 Qe7 31. Bf3 Qe3 32. Qxe3 Rxe3 33. Kd2 Re7
34. g5 f5 35. b4 Kf8 36. a4 Ke8 37. b5 axb5 38. axb5 b6 39. Ra1 Kd7 40. Ra8 Re8
41. Ra3 Kd6 42. Ra6 Be6 43. Ra1 Bd7 44. Rb1 Ra8 45. Be2 Ra4 46. Ke3 Ra3+ 47.
Bd3 Ra4 1/2-1/2

[Event "4NCL/Div2/BIG2-BR2"]
[Site "Rd9-Birmingham"]
[Date "2000.04.29"]
[Round "9.6"]
[White "Buckley, David"]
[Black "Acey, Gerald"]
[Result "0-1"]
[WhiteElo "2153"]
[BlackElo "2136"]
[PlyCount "96"]
[EventDate "2000.04.29"]

1. e4 c5 2. Nc3 e6 3. Nge2 Nc6 4. g3 g6 5. d4 cxd4 6. Nxd4 a6 7. Be3 Bg7 8.
Nxc6 bxc6 9. Qd6 Qe7 10. Bc5 Qxd6 11. Bxd6 Nh6 12. Na4 a5 13. Nb6 Bb7 14. Nxa8
Bxa8 15. O-O-O f5 16. Bg2 Nf7 17. Bc7 fxe4 18. Bxe4 d5 19. Bg2 a4 20. f4 Kd7
21. Bb6 Bxb2+ 22. Kxb2 Rb8 23. Rb1 Rxb6+ 24. Kc3 Ra6 25. Rb8 Nd8 26. h4 Bb7 27.
Rb1 Ra7 28. Bh3 Kc7 29. Rxd8 Kxd8 30. Bxe6 Ke7 31. Bh3 c5 32. Rb6 Ba6 33. Rc6
a3 34. Rxc5 Bc4 35. Kb4 Bxa2 36. Rc3 Bb3 37. Re3+ Kf6 38. Re6+ Kf7 39. Re1 a2
40. Be6+ Kf6 41. Ra1 Bc4 42. Bc8 Rc7 43. Ba6 Bxa6 44. Rxa2 Bc4 45. Ra3 Kf5 46.
Re3 Kg4 47. Kc3 Be2+ 48. Kd2 Bf3 0-1

[Event "4NCL/Div2/BIG2-BR2"]
[Site "Rd9-Birmingham"]
[Date "2000.04.29"]
[Round "9.7"]
[White "Taylor, Peter"]
[Black "Grossett, Duncan"]
[Result "1/2-1/2"]
[WhiteElo "2187"]
[BlackElo "2185"]
[PlyCount "121"]
[EventDate "2000.04.29"]

1. c4 Nf6 2. g3 e5 3. Bg2 d6 4. Nc3 Be7 5. e4 O-O 6. Nge2 c6 7. O-O Be6 8. d3
Qd7 9. b3 Na6 10. d4 Rad8 11. f3 Nc7 12. Be3 b6 13. d5 cxd5 14. cxd5 Bh3 15. a4
Bxg2 16. Kxg2 Na6 17. Qd2 Rc8 18. Rfb1 Nb4 19. Rc1 Qb7 20. Nb5 Na6 21. b4 Nd7
22. Rc6 Nab8 23. Rxc8 Rxc8 24. Rc1 a6 25. Na3 Rc7 26. Rxc7 Qxc7 27. Qc3 Qd8 28.
Nc4 g6 29. Bf2 f5 30. Qe3 fxe4 31. fxe4 b5 32. axb5 axb5 33. Na5 Bg5 34. Qc3
Nf6 35. Qd3 Qd7 36. h3 Kg7 37. Nc3 Na6 38. Nc6 Nc7 39. Bb6 h5 40. Bxc7 Qxc7 41.
Nxb5 Qd7 42. Nc3 h4 43. Ne2 hxg3 44. Nxg3 Bh4 45. Ne2 Nh5 46. Qf3 Qb7 47. Nd8
Qe7 48. Ne6+ Kh7 49. Nf8+ Kh6 50. Ne6 Qa7 51. Qf8+ Kh7 52. Qf3 Qb7 53. Qg4 Qe7
54. b5 Be1 55. b6 Nf6 56. Qf3 Nh5 57. Qf8 Qh4 58. Qf7+ Kh6 59. Qf8+ Kh7 60. Kf1
Ba5 61. Qf7+ 1/2-1/2

[Event "4NCL/Div2/BIG2-BR2"]
[Site "Rd9-Birmingham"]
[Date "2000.04.29"]
[Round "9.8"]
[White "Tidman, Sophie"]
[Black "Howard, Marieanne"]
[Result "1-0"]
[WhiteElo "2072"]
[BlackElo "1536"]
[PlyCount "83"]
[EventDate "2000.04.29"]

1. e4 e6 2. Nf3 d5 3. e5 c5 4. b4 b6 5. d4 c4 6. c3 b5 7. Na3 a6 8. Be2 Nc6 9.
O-O Bd7 10. Bf4 a5 11. Nxb5 axb4 12. cxb4 Nxb4 13. Nc3 Ne7 14. Qd2 Nf5 15. g4
Ne7 16. Rab1 Qa5 17. Rb2 g6 18. Bg5 h5 19. h3 hxg4 20. hxg4 Nec6 21. Kg2 Be7
22. a4 Bxg5 23. Nxg5 Rb8 24. Rfb1 Na6 25. Rb5 Qc7 26. Qf4 Rf8 27. Rxb8+ Ncxb8
28. Bd1 Qa5 29. Nb5 Bxb5 30. Rxb5 Qc7 31. Nh7 Rh8 32. Nf6+ Kf8 33. Bc2 Kg7 34.
g5 c3 35. Ng4 Qe7 36. Nh6 Nc6 37. Rb3 Qa7 38. Qf6+ Kh7 39. Nxf7 Rg8 40. Nh6 Rg7
41. Rxc3 Nxd4 42. Rh3 1-0

[Event "4NCL/Div2/IIT2-KH"]
[Site "Rd9-Birmingham"]
[Date "2000.04.29"]
[Round "9.1"]
[White "Cooper, Andrew G"]
[Black "Berry, Stephen"]
[Result "1/2-1/2"]
[WhiteElo "2151"]
[BlackElo "2275"]
[PlyCount "61"]
[EventDate "2000.04.29"]

1. d4 Nf6 2. c4 e6 3. Nc3 Bb4 4. Qc2 O-O 5. a3 Bxc3+ 6. Qxc3 Ne4 7. Qc2 f5 8.
g3 b6 9. Bg2 Bb7 10. Nf3 c5 11. O-O Nc6 12. dxc5 bxc5 13. b3 Qe7 14. Bb2 d6 15.
Rad1 e5 16. e3 Rad8 17. Nd2 Nxd2 18. Bd5+ Kh8 19. Qxd2 e4 20. b4 Ne5 21. Bxe5
dxe5 22. Qc2 Bxd5 23. Rxd5 cxb4 24. axb4 Rxd5 25. cxd5 h6 26. Qc5 Qf7 27. d6 f4
28. Qxe5 fxe3 29. Qxe4 exf2+ 30. Kg2 Qd7 31. Qd5 1/2-1/2

[Event "4NCL/Div2/IIT2-KH"]
[Site "Rd9-Birmingham"]
[Date "2000.04.29"]
[Round "9.2"]
[White "McMichael, Rick"]
[Black "Alfred, Nathan"]
[Result "0-1"]
[WhiteElo "2261"]
[BlackElo "2198"]
[PlyCount "76"]
[EventDate "2000.04.29"]

1. c4 Nf6 2. Nf3 g6 3. b3 Bg7 4. Bb2 O-O 5. e3 c5 6. Be2 Nc6 7. O-O d6 8. d4
Ne4 9. Nbd2 Nxd2 10. Qxd2 e5 11. dxe5 dxe5 12. Qc3 Qe7 13. Rad1 f5 14. Nd2 Be6
15. Nb1 h5 16. Rd2 Rf7 17. Qc1 Raf8 18. Nc3 f4 19. Bf3 fxe3 20. fxe3 Bh6 21.
Re1 Rxf3 22. gxf3 Rxf3 23. Rg2 Qf7 24. Nd5 Bh3 25. Qd2 Bxg2 26. Qxg2 Rf5 27. h4
Rf3 28. Ba3 b6 29. Re2 Kh7 30. Bb2 Qf5 31. Nf4 e4 32. Nd5 Ne5 33. Ne7 Qf7 34.
Nd5 Ng4 35. Bc3 Bxe3+ 36. Nxe3 Nxe3 37. Rxe3 Rxe3 38. Bd2 Rf3 0-1

[Event "4NCL/Div2/IIT2-KH"]
[Site "Rd9-Birmingham"]
[Date "2000.04.29"]
[Round "9.4"]
[White "Okike, David"]
[Black "Lock, Gavin"]
[Result "0-1"]
[WhiteElo "2170"]
[BlackElo "2103"]
[PlyCount "58"]
[EventDate "2000.04.29"]

1. e4 e6 2. d4 d5 3. Nc3 Bb4 4. e5 c5 5. a3 Bxc3+ 6. bxc3 Qc7 7. Qg4 f5 8. Qg3
cxd4 9. Bb5+ Kf8 10. Ne2 dxc3 11. a4 Nd7 12. Ba3+ Nc5 13. Qe3 b6 14. a5 Ne7 15.
Bb4 Rb8 16. Nd4 Kf7 17. g4 Rd8 18. axb6 axb6 19. h3 Kg8 20. O-O Bd7 21. Ra3 f4
22. Qe2 Ng6 23. Re1 Ne4 24. Bxd7 Qxd7 25. f3 Ng5 26. Qh2 Nh4 27. Kf2 Rbc8 28.
Qxf4 Nxh3+ 29. Kg3 Nxf4 0-1

[Event "4NCL/Div2/IIT2-KH"]
[Site "Rd9-Birmingham"]
[Date "2000.04.29"]
[Round "9.5"]
[White "Stille, Alex"]
[Black "Mackenzie, Colin"]
[Result "1/2-1/2"]
[WhiteElo "1768"]
[BlackElo "2138"]
[PlyCount "64"]
[EventDate "2000.04.29"]

1. e4 e6 2. d4 d5 3. Nd2 c5 4. exd5 exd5 5. dxc5 Bxc5 6. Nb3 Bd6 7. c3 Ne7 8.
Nf3 Nbc6 9. Be2 O-O 10. Bg5 Qc7 11. O-O a6 12. h3 Bf5 13. Nbd4 Be4 14. Bd3 Ng6
15. Nf5 Bc5 16. Bxe4 dxe4 17. Nd2 Qe5 18. Qg4 h6 19. Be3 Bxe3 20. Nxe3 Rfe8 21.
Rfe1 h5 22. Qf5 Rad8 23. Ndc4 Qb8 24. Qxh5 b5 25. Qc5 Re6 26. Na3 Nce5 27. Red1
Nd3 28. Qg5 Ngf4 29. Nf5 g6 30. Nc2 f6 31. Qg4 Rd5 32. Ncd4 Ree5 1/2-1/2

[Event "4NCL/Div2/IIT2-KH"]
[Site "Rd9-Birmingham"]
[Date "2000.04.29"]
[Round "9.6"]
[White "Compton, Alistair"]
[Black "Barraclough, Stephanie"]
[Result "1-0"]
[WhiteElo "2093"]
[BlackElo "1160"]
[PlyCount "37"]
[EventDate "2000.04.29"]

1. e4 d5 2. exd5 Nf6 3. d4 Nxd5 4. Nf3 Bf5 5. c3 e6 6. Bd3 Bxd3 7. Qxd3 Nc6 8.
O-O Be7 9. Re1 O-O 10. Nbd2 Qd7 11. Ne4 Rad8 12. Nfg5 g6 13. h4 Rfe8 14. h5 Bf8
15. c4 Ndb4 16. Qh3 Qxd4 17. hxg6 Qg7 18. Nf6+ Kh8 19. Nxf7+ 1-0

[Event "4NCL/Div2/IIT2-KH"]
[Site "Rd9-Birmingham"]
[Date "2000.04.29"]
[Round "9.7"]
[White "Houska, Mario"]
[Black "Gilfillan, Andrew"]
[Result "0-1"]
[WhiteElo "1560"]
[BlackElo "1976"]
[PlyCount "32"]
[EventDate "2000.04.29"]

1. e4 d5 2. exd5 Nf6 3. c4 e6 4. dxe6 Bxe6 5. Nf3 Nc6 6. d4 Bb4+ 7. Nc3 Ne4 8.
Qd3 Bf5 9. Qe3 O-O 10. a3 Re8 11. Ne5 Nxd4 12. Bd3 Nxc3 13. axb4 Bxd3 14. Qxd3
Rxe5+ 15. Kf1 Nb3 16. Rxa7 Qxd3+ 0-1

[Event "4NCL/Div2/IIT2-KH"]
[Site "Rd9-Birmingham"]
[Date "2000.04.29"]
[Round "9.8"]
[White "Kelly, Alexandra"]
[Black "Draper, Georgina"]
[Result "1-0"]
[WhiteElo "1576"]
[BlackElo "1096"]
[PlyCount "95"]
[EventDate "2000.04.29"]

1. e4 c5 2. Nc3 d6 3. f4 Nf6 4. Nf3 g6 5. Bc4 Bg7 6. O-O O-O 7. d3 Nc6 8. a3 a6
9. Qe1 Qc7 10. Qh4 Bd7 11. f5 b5 12. Bb3 Rab8 13. Nd5 Nxd5 14. Bxd5 e6 15. Ng5
h6 16. fxe6 Bxe6 17. Nxe6 fxe6 18. Bxe6+ Kh7 19. Be3 Rbe8 20. Rxf8 Rxf8 21. Rf1
Qd8 22. Qxd8 Rxd8 23. Rf7 Re8 24. Bd7 Re7 25. Rxg7+ Rxg7 26. Bxc6 Rf7 27. Bd5
Re7 28. Bf4 Rd7 29. Kf2 g5 30. Bg3 Kg6 31. Be6 Rd8 32. Bf5+ Kg7 33. h4 gxh4 34.
Bxh4 Rb8 35. Be7 Rb6 36. Kf3 Rc6 37. Be6 Kg6 38. Kf4 h5 39. g3 Rb6 40. e5 dxe5+
41. Kxe5 Rb7 42. Bxc5 Rc7 43. Kd6 Rg7 44. Bd4 Rh7 45. Bc8 a5 46. Bc3 a4 47. Bd7
Rf7 48. Be8 1-0

[Event "4NCL/Div2/GD-NID"]
[Site "Rd9-Birmingham"]
[Date "2000.04.29"]
[Round "9.1"]
[White "Varley, Peter"]
[Black "Williams, Leighton"]
[Result "0-1"]
[WhiteElo "2240"]
[BlackElo "2300"]
[PlyCount "120"]
[EventDate "2000.04.29"]

1. d4 d5 2. c4 e6 3. Nc3 c5 4. cxd5 cxd4 5. Qa4+ Bd7 6. Qxd4 exd5 7. Qxd5 Nc6
8. a3 Nf6 9. Qd1 Qb6 10. e3 O-O-O 11. Qc2 g5 12. Nf3 Rg8 13. Nd2 Qc5 14. b4 Bf5
15. Qb3 Qe7 16. Be2 Bg7 17. Bb2 Ne5 18. Nb5 Nd3+ 19. Bxd3 Rxd3 20. Qc4+ Kb8 21.
Nf3 Rc8 22. Be5+ Ka8 23. Nc7+ Rxc7 24. Qxc7 Qxc7 25. Bxc7 Ng4 26. Nd4 Nxe3 27.
fxe3 Rxe3+ 28. Kf2 Bxd4 29. Rad1 Bd3 30. Bg3 g4 31. Rxd3 Rxd3+ 32. Ke2 Re3+ 33.
Kd2 Rxa3 34. Rf1 f6 35. Rf5 a6 36. b5 axb5 37. Rxb5 Ka7 38. Rh5 Bb6 39. Rf5
Ra2+ 40. Kc3 Rxg2 41. Rxf6 Re2 42. Rh6 Re7 43. Rh4 Rg7 44. h3 gxh3 45. Rxh3 h5
46. Bh2 Rg5 47. Kc4 Ba5 48. Re3 b5+ 49. Kd3 Kb6 50. Re6+ Kc5 51. Bd6+ Kd5 52.
Rh6 Rf5 53. Be7 Bc7 54. Kc3 Ke4 55. Kb4 Bf4 56. Re6+ Kf3 57. Bc5 h4 58. Kxb5 h3
59. Kc4 h2 60. Re1 Rxc5+ 0-1

[Event "4NCL/Div2/GD-NID"]
[Site "Rd9-Birmingham"]
[Date "2000.04.29"]
[Round "9.2"]
[White "Fish, Andrew"]
[Black "Evans-Quek, S."]
[Result "0-1"]
[WhiteElo "2116"]
[BlackElo "2285"]
[PlyCount "72"]
[EventDate "2000.04.29"]

1. e4 c5 2. Nc3 Nc6 3. g3 e6 4. Bg2 Nf6 5. d3 Be7 6. Nf3 d6 7. O-O a6 8. Re1 e5
9. h3 b5 10. Be3 O-O 11. a4 b4 12. Nd5 Nxd5 13. exd5 Nd4 14. Nd2 Rb8 15. Nc4 a5
16. f4 f6 17. c3 Nf5 18. Bf2 Ba6 19. Qc2 Bxc4 20. dxc4 g6 21. g4 Ng7 22. f5
gxf5 23. gxf5 Qd7 24. Be4 bxc3 25. Qxc3 Nxf5 26. Qc2 Ng7 27. Bxh7+ Kh8 28. Be4
f5 29. Bg2 Qb7 30. Re2 Bg5 31. Ra3 Nh5 32. h4 Bh6 33. Be1 Nf4 34. Rf2 Qg7 35.
Kh2 Qg4 36. Bxa5 Rg8 0-1

[Event "4NCL/Div2/GD-NID"]
[Site "Rd9-Birmingham"]
[Date "2000.04.29"]
[Round "9.3"]
[White "Walden-Jones, Andrew"]
[Black "Johnston, Dafydd"]
[Result "1/2-1/2"]
[WhiteElo "2135"]
[BlackElo "2170"]
[PlyCount "42"]
[EventDate "2000.04.29"]

1. e4 c5 2. Nf3 e6 3. d4 cxd4 4. Nxd4 Nf6 5. Nc3 d6 6. Be2 a6 7. O-O Be7 8. f4
Nc6 9. Nxc6 bxc6 10. Bf3 O-O 11. Qe2 e5 12. fxe5 dxe5 13. h3 Be6 14. Nd1 a5 15.
Ne3 Bc5 16. Kh2 Rb8 17. Nc4 Ng4+ 18. Kg3 Nf6 19. Kh2 Ng4+ 20. Kg3 Nf6 21. Kh2
Ng4+ 1/2-1/2

[Event "4NCL/Div2/GD-NID"]
[Site "Rd9-Birmingham"]
[Date "2000.04.29"]
[Round "9.4"]
[White "Gandy, Andrew"]
[Black "Powell, J Lloyd"]
[Result "1/2-1/2"]
[WhiteElo "2085"]
[BlackElo "2152"]
[PlyCount "68"]
[EventDate "2000.04.29"]

1. d4 Nf6 2. c4 g6 3. Nc3 Bg7 4. e4 d6 5. Nge2 O-O 6. Ng3 c5 7. d5 e6 8. Be2
exd5 9. exd5 Nbd7 10. O-O a6 11. Bf4 Ne5 12. Qd2 Re8 13. Bg5 Qc7 14. f4 Neg4
15. f5 h6 16. h3 hxg5 17. hxg4 Qe7 18. Bf3 Qe5 19. Qf2 Qf4 20. Nge2 Qe5 21. Ng3
Qf4 22. Be2 Nxg4 23. Qxf4 gxf4 24. Bxg4 fxg3 25. Rf3 Bd4+ 26. Kf1 Bf2 27. fxg6
fxg6 28. Bxc8 Raxc8 29. Ne2 Rf8 30. Nf4 Rf6 31. Ne6 Rxf3 32. gxf3 Kf7 33. Kg2
Rh8 34. Rh1 Rxh1 1/2-1/2

[Event "4NCL/Div2/GD-NID"]
[Site "Rd9-Birmingham"]
[Date "2000.04.29"]
[Round "9.5"]
[White "Miles, Richard"]
[Black "Jones, Richard S"]
[Result "0-1"]
[WhiteElo "2084"]
[BlackElo "2076"]
[PlyCount "82"]
[EventDate "2000.04.29"]

1. d4 g6 2. Nf3 Nf6 3. c4 Bg7 4. Nc3 O-O 5. g3 d6 6. Bg2 c6 7. O-O Nbd7 8. e4
e5 9. h3 Qb6 10. Re1 exd4 11. Nxd4 Ng4 12. Nce2 Nge5 13. b3 Nc5 14. Be3 Re8 15.
Rb1 a5 16. Kh2 Qc7 17. Rf1 f6 18. Nc3 a4 19. f4 Nf7 20. b4 Nxe4 21. Nxe4 f5 22.
Nxd6 Nxd6 23. Qc1 Qf7 24. c5 Ne4 25. a3 Rd8 26. Rd1 Be6 27. Bxe4 fxe4 28. Nxe6
Qxe6 29. Qc2 Rd5 30. Rxd5 cxd5 31. Qd2 d4 32. Bg1 Qc4 33. Rc1 Qb3 34. c6 bxc6
35. Rxc6 Qxa3 36. Bxd4 Rd8 37. Rc4 e3 38. Qc3 Qa2+ 39. Kg1 Qf2+ 40. Kh1 Qf1+
41. Kh2 Qe2+ 0-1

[Event "4NCL/Div2/GD-NID"]
[Site "Rd9-Birmingham"]
[Date "2000.04.29"]
[Round "9.6"]
[White "Tabatabai, John"]
[Black "Adams, Mark"]
[Result "1-0"]
[WhiteElo "1865"]
[BlackElo "2034"]
[PlyCount "77"]
[EventDate "2000.04.29"]

1. e4 c5 2. Nf3 d6 3. d4 cxd4 4. Nxd4 Nf6 5. Nc3 a6 6. f4 Qc7 7. Nf3 Nbd7 8.
Bd3 g6 9. a4 Bg7 10. O-O b6 11. Qe1 Bb7 12. Kh1 O-O 13. Qh4 Nc5 14. f5 Nxd3 15.
cxd3 Rfe8 16. Bh6 Rac8 17. fxg6 hxg6 18. Ng5 Bh8 19. Rf3 Qd7 20. h3 d5 21. Raf1
dxe4 22. Ncxe4 Bxe4 23. Nxe4 Rc6 24. Bg5 Nxe4 25. dxe4 f6 26. Be3 Bg7 27. Rg3
Qd3 28. Rff3 Kf7 29. Bg1 Qc4 30. Rc3 Qe6 31. Qh7 Rg8 32. Qxg6+ Kf8 33. Rgd3 Rc8
34. Bxb6 Re8 35. Rd8 Qf7 36. Rxe8+ Qxe8 37. Qf5 e6 38. Bc5+ Kf7 39. Qh5# 1-0

[Event "4NCL/Div2/GD-NID"]
[Site "Rd9-Birmingham"]
[Date "2000.04.29"]
[Round "9.7"]
[White "Blackburn, Jonathan"]
[Black "Sinnett, Glyn"]
[Result "1-0"]
[WhiteElo "1981"]
[BlackElo "1900"]
[PlyCount "49"]
[EventDate "2000.04.29"]

1. d4 d5 2. c4 e6 3. Nc3 c6 4. Nf3 dxc4 5. a4 Bb4 6. Ne5 b5 7. e3 Nf6 8. Bd2 a5
9. axb5 Bxc3 10. Bxc3 cxb5 11. b3 Bb7 12. bxc4 b4 13. Bb2 O-O 14. Bd3 Nbd7 15.
O-O Qc7 16. f4 Nb6 17. Rc1 a4 18. d5 exd5 19. Ng4 Ne4 20. Bxe4 dxe4 21. Nf6+
Kh8 22. Qh5 h6 23. c5 Nc8 24. c6 Bxc6 25. Ne8 1-0